=LDR 00000nam 2200000 4500 =001 INLIS000000000011962 =005 20130612103517 =008 ***********************************Ind** =035 ##$$0010-061300000011962 =041 ##$$a Ind =082 ##$$a 364.25 =090 ##$$a 364.25, Sad p =100 ##$$a Sadowo,Bambang =245 ##$$a Penyelsaian detik Pers secara Politik, Bambang sadono =260 ##$$a 1993 $b Jakarta =300 ##$$a 202 hlm., 21 cm =650 ##$$a Kejahatan Pers =850 ##$$a NBPNMAT